| 000 | 00905nam a2200229 a 4500 | ||
|---|---|---|---|
| 001 | BRCA_8383 | ||
| 005 | 20190320210246.0 | ||
| 008 | 241014s2014----mx-a######---#000-0#spa-# | ||
| 020 | _a9786074611632 | ||
| 041 | _aspa | ||
| 044 | _amx | ||
| 050 | 4 |
_aNK844 _b.U86 13 2014 |
|
| 245 | 1 | 0 |
_aEl cuarto rosa de Ruth D. Lechuga _cMargarita de Orellana ... [et al.]. |
| 260 |
_aMéxico _bMuseo Franz Mayer : Artes de México _c2014 |
||
| 300 |
_a95 p. _bil. (algunas a color) _c23 cm. |
||
| 440 | 0 |
_aColección Uso y estilo _v13 _921005 |
|
| 500 | _aCatálogo de la exposición ´El cuarto rosa. Vida y muerte en el arte popular´ realizada en el Museo Franz Mayer (Ciudad de México), 24 octubre 2014 - 25 enero 2015 | ||
| 600 | 1 | 4 |
_aLechuga, Ruth D. _d1920-2004 _xColecciones privadas _921006 |
| 650 | 1 | 4 |
_aArte popular _vExposiciones _zMéxico _91706 |
| 700 | 1 |
_aOrellana, Margarita de _921007 |
|
| 942 |
_2lcc _cB |
||
| 999 |
_c8051 _d8051 |
||